| 000 | 00546cam a22002171 4500 | ||
|---|---|---|---|
| 001 | ca 24000854 | ||
| 003 | DLC | ||
| 005 | 20260227111113.0 | ||
| 008 | 861105s1924 nyu 000 0 eng | ||
| 010 | _aca 24000854 | ||
| 035 | _a(OCoLC)14638508 | ||
| 040 |
_aDLC _cCLU _dDLC |
||
| 042 | _apremarc | ||
| 050 | 0 | 0 |
_aPN6161 _b.W422 |
| 110 | 2 | _aWehman Bros. | |
| 245 | 1 | 0 | _aBudget of good jokes. |
| 260 |
_aNew York, _bWehman Bros., _c1924. |
||
| 300 |
_a58 p. _c13 cm. |
||
| 490 | 0 |
_aHandy series, _vno. 67 |
|
| 650 | 0 | _aAmerican wit and humor. | |
| 999 |
_c15892 _d15892 |
||